000 00347 a2200157 4500
001 14423
020 _a9780746086582
040 _cAnchieta - Aquarius
100 _aDobbie, Meg
240 1 0 _aFind the Bird
_leng
245 1 0 _aFind the Bird
300 _a[12]
362 0 _a2007
650 4 _aLiteratura infanto-juvenil em inglês
942 _cBK
999 _c14423
_d14423